| 000 | 00579nam a2200169 a 4500 | ||
|---|---|---|---|
| 008 | 120416s1973 ||||||||||||||||| || u | ||
| 020 | _a0672240319 | ||
| 050 | _aTK 6561 Nol | ||
| 100 | _aNoll, Edward M | ||
| 245 | 1 | 0 | _aRadio transmitters |
| 246 | _aprinciples and projects | ||
| 260 |
_aIndianapolis _bEditors and Engineers _c1973 |
||
| 300 | _a230p. : ill | ||
| 350 | _a0.00 | ||
| 650 | _aRADIO--TRANSMMITERS AND TRANSMITION | ||
| 995 |
_D0.00 _FCBU-MAIN LIBRARY (Kitwe) _H1 _I16.95 _UDAMAGED _ZMain Library Open Access Collection |
||
| 999 |
_c55560 _d55560 |
||